000 00657nam a22002297a 4500
999 _c760
_d760
001 346
003 BD-DhUAP
005 20200127152149.0
008 200127s1995 ii a|||| |||| 001 0 eng d
020 _a0070549818
040 _aBD-DhUAP
_bEng
_cBD-DhUAP
_dBD-DhUAP
082 _223
_a330 SAM
100 _aSamuelson, Paul A.
245 _aEconomics /
_cPaul A. Samuelson and William D. Nordhaus.
250 _a15th ed.
260 _aNew Delhi :
_bTata McGraw hill publishing,
_cc1995.
300 _axxxvii, 789 pages :
_billustrations ;
_c25 cm.
500 _aIncludes index.
650 _aEconomics.
700 _aNordhaus, William D.
942 _2ddc
_cBK